00339nam a2200121Ia 4500008004100000022001300041041001200054082001600066245005900082260004500141440000900186650002200195240126s9999 xx 000 0 und d a0972950X aEnglish aLIBRARY-XVI 0aJournal of Aerospace Sciences and Technologies (2005 - bAeronautical Society of IndiaaNew Delhi aNULL aAerospace,(2005,-